| 000 | 00596cam a22002053a 4500 | ||
|---|---|---|---|
| 001 | 44700 | ||
| 003 | PGUSA | ||
| 005 | 20140828084024.0 | ||
| 008 | 140118s2014||||xxu|||||s|||||000 | eng d | ||
| 040 |
_aPGUSA _beng |
||
| 042 | _adc | ||
| 100 | 1 |
_aHarrison, William, _d1534-1593 |
|
| 245 | 1 | 0 |
_aHolinshed Chronicles, Volume I, Complete _h[electronic resource] / _cWilliam Harrison |
| 260 |
_bProject Gutenberg, _c2014 |
||
| 506 | _aPublic domain in the USA. | ||
| 516 | _aElectronic text | ||
| 830 | 0 |
_aProject Gutenberg _v44700 |
|
| 856 | 4 | 0 | _uhttp://www.gutenberg.org/ebooks/44700 |
| 942 | _cEB | ||
| 999 |
_c273951 _d273951 |
||